Los Efectos de la introducción del quórum deliberativo en las sesiones de la Asamblea Nacional /

محفوظ في:
التفاصيل البيبلوغرافية
المؤلف الرئيسي: González Gómez, Agapito
التنسيق: نص
الموضوعات:
الوسوم: إضافة وسم
لا توجد وسوم, كن أول من يضع وسما على هذه التسجيلة!

MARC

LEADER 00000 a a2200000 04500
001 9418
003
040
100 |a González Gómez, Agapito  
245 |a Los Efectos de la introducción del quórum deliberativo en las sesiones de la Asamblea Nacional /  |c Agapito González Gómez 
650 |a VOTACION  
650 |a PODER LEGISLATIVO  
650 |a POLITICA  
650 |a PANAMA  
773 |g número 468 -469; páginas 136-1147  
999 |c 26954  |d 26954